Escatología /

Detalles Bibliográficos
Autor principal: Vidal Fernández, Fernando
Autor Corporativo: Universidad de Deusto. Facultad de Teología
Otros Autores: Armendáriz, Luis Ma ; (Luis María), Torres Queiruga, Andrés
Formato: Electrónico Libro
Lenguaje:español
Publicado: Bilbao : Universidad de Deusto, 2003.
Colección:Cuadernos de teología Deusto ; no. 27.
Materias:
Acceso en línea:Digitalia Hispánica

MARC

LEADER 00000nam a2200000Ii 4500
001 DIGDEU0427
003 NyNyDIG
006 m o d
007 cr |||||||||||
008 130501s2003 sp b 000 0 spa d
020 |a 9788498309317  |q (eBook) 
020 |z 9788474858747 
020 |z 8474858747 
035 |a (OCoLC)857077975 
040 |a DGITA  |b eng  |e pn  |c DGITA 
050 1 4 |a BT821.3 eBook 
100 1 |a Vidal Fernández, Fernando. 
245 1 0 |a Escatología /  |c Fernando Vidal Fernández, Luis Ma. Armendáriz, Andrés Torres Queiruga. 
264 1 |a Bilbao :  |b Universidad de Deusto,  |c 2003. 
300 |a 1 online resource (95 pages)  
336 |a text  |b txt  |2 rdacontent 
337 |a computer  |b c  |2 rdamedia 
338 |a online resource  |b cr  |2 rdacarrier 
490 1 |a Cuadernos de teología Deusto ;  |v no. 26. 
504 |a Includes bibliographical references. 
650 0 |a Eschatology.  
650 0 |a Hell.  
655 0 |a Electronic books. 
700 1 |a Armendáriz, Luis Ma ; (Luis María) 
700 1 |a Torres Queiruga, Andrés.  
710 2 |a Universidad de Deusto.  |b Facultad de Teología. 
791 2 |a Digitalia (Firm),  |e distributor. 
830 0 |a Cuadernos de teología Deusto ;  |v no. 27. 
793 0 |g Digitalia eBook Collection:  |a Universidad de Deusto. 
856 4 0 |3 Digitalia Hispánica  |u https://www.digitaliapublishing.com/a/15510/ 
910 |a Premium Collection: 2007-2012